000 00508nam a2200193Ia 4500
005 20250923144422.0
008 008 250917s9999 xx 000 0 eng d
037 _aTextual
040 _aDSWL
_beng
_cDSWL
041 _aeng
_2eng
084 _aMY71:X:8, J0
_qDSWL
245 0 _aAdministration of the modern camp
_cEd.by Hedley S Dimock
260 _aNew York
_c1950
300 _a283 p.
365 _aUSD
_b4
925 _g4
942 _cTEXL
_hMY71:X:8, J0
999 _c1438611
_d1438611